|
|
|
|
| LEADER |
00000nam0a2200000 4500 |
| 001 |
97772 |
| 005 |
20231031111107.0 |
| 010 |
|
|
|a 5211048490
|
| 035 |
|
|
|a (RuTPU)RU\TPU\book\104808
|
| 090 |
|
|
|a 97772
|
| 100 |
|
|
|a 20060605d2005 m y0rusy50 ca
|
| 101 |
0 |
|
|a rus
|
| 102 |
|
|
|a RU
|
| 105 |
|
|
|a a j 011zy
|
| 200 |
1 |
|
|a Основы физической геохимии
|e учебник
|f В. А. Жариков
|
| 205 |
|
|
|a 2-е изд., испр. и доп.
|
| 210 |
|
|
|a Москва
|c Изд-во Московского ун-та
|d 2005
|
| 215 |
|
|
|a 654 с.
|c ил.
|
| 225 |
1 |
|
|a Классический университетский учебник
|
| 300 |
|
|
|a К 250-летию МГУ.
|
| 320 |
|
|
|a Библиогр.: с. 645-647.
|
| 330 |
|
|
|a В учебнике представлен полный курс основ физической геохимии. Рассмотрены предмет и методы физической геохимии как науки о физико-химических закономерностях образования минералов, горных пород и руд. Даны общие положения термодинамики равновесных природных систем, являющихся особым типом систем с вполне подвижными компонентами. Выведены главные термодинамические соотношения, характеризующие природные процессы, показано их применение. Подробно изложены вопросы теории, топологии, методы построения диаграмм, используемых в геохимии, петрологии, учении о минеральных месторождениях. Для студентов, аспирантов и всех специалистов, занимающихся изучением физико-химических закономерностей природных процессов.
|
| 610 |
1 |
|
|a физическая геохимия
|
| 610 |
1 |
|
|a учебники
|
| 610 |
1 |
|
|a геологические процессы
|
| 610 |
1 |
|
|a термодинамика
|
| 610 |
1 |
|
|a равновесие
|
| 610 |
1 |
|
|a термодинамический потенциал
|
| 610 |
1 |
|
|a равновесные системы
|
| 610 |
1 |
|
|a необратимые процессы
|
| 610 |
1 |
|
|a минералы
|
| 610 |
1 |
|
|a парагенезис
|
| 610 |
1 |
|
|a физико-химический анализ
|
| 610 |
1 |
|
|a диаграммы
|
| 610 |
1 |
|
|a горные породы
|
| 610 |
1 |
|
|a методы построения
|
| 610 |
1 |
|
|a руды
|
| 610 |
1 |
|
|a термодинамические соотношения
|
| 610 |
1 |
|
|a природные процессы
|
| 675 |
|
|
|a 550.41(075.8)
|v 3
|
| 700 |
|
1 |
|a Жариков
|b В. А.
|g Вилен Андреевич
|
| 712 |
0 |
2 |
|a Московский государственный университет им. М. В. Ломоносова
|2 stltpush
|3 (RuTPU)RU\TPU\col\7
|
| 801 |
|
1 |
|a RU
|b 63413507
|c 20060605
|g PSBO
|
| 801 |
|
2 |
|a RU
|b 63413507
|c 20160729
|g PSBO
|
| 900 |
|
|
|a Геохимия
|
| 942 |
|
|
|c BK
|
| 952 |
|
|
|b 020303
|
| 959 |
|
|
|a 43/20060605
|d 1
|e 985,00
|f ЧЗТЛ:1
|
| 959 |
|
|
|a 13/20070212
|d 1
|e 716,00
|f АНЛ:1
|
| 959 |
|
|
|a 62/20090527
|d 17
|e 300,00
|f УФ:17
|